| 000 | 00884nam a2200241 a 4500 | ||
|---|---|---|---|
| 001 | 000042287 | ||
| 005 | 20201002040045.0 | ||
| 008 | 131122s1973 sp 000 p spa d | ||
| 020 | _a8401809282 | ||
| 040 |
_aDO-SdBNP _bspa _cBNPHU |
||
| 082 |
_a860.9 _bP191a |
||
| 100 | 1 |
_aPanero, Leopoldo, _d1909-1962 _969331 |
|
| 245 | 1 | 0 |
_aAntología / _cLeopoldo Panero Torbado ; selección, prólogo y notas de Juan Luis Panero. |
| 260 |
_aBarcelona : _bPlaza & Janés, _c1973. |
||
| 300 |
_a192 p. ; _c19 cm. |
||
| 490 | 1 | _aSelecciones de poesía española | |
| 500 | _aIncluye referencias bibliográficas y notas al pie de las páginas | ||
| 650 | 4 |
_aPoesía española _ySIGLO XX _99197 |
|
| 650 | 4 |
_aLiteratura española _ySIGLO XX _93326 |
|
| 700 | 1 | 2 |
_aPanero, Juan Luis _epról. _969332 |
| 830 | 0 |
_aSelecciones de poesía española _969282 |
|
| 910 | _aValidado. Control de calidad MFF | ||
| 999 |
_c41776 _d41776 |
||